face parts in English (level 1) - Statistiques

Statistiques générales
  • Ce quiz a été pris 154 fois
  • Le résultat moyen est 14 sur 15
Statistiques - réponses
Hint Réponse % Correct
lèvres lips
98%
deux dents two teeth
97%
yeux eyes
96%
cheveux hair
96%
une dent one tooth
95%
nez nose
93%
oreilles ears
92%
sourcils eyebrow
91%
bouche mouth
91%
menton chin
90%
cils eyelashes
90%
cou neck
89%
langue tongue
89%
front forehead
87%
joue cheek
77%
Aucun quiz correspondant
Distribution des résultats
% des personnes avec chaque résultat
Percentile par nombre de réponses
Votre historique - résultats
Vous n’avez pas pris ce quiz